Toutes les spécialités au lycée - Statistiques

Statistiques générales
  • Ce quiz a été pris 142 fois
  • Le résultat moyen est 6 sur 8
Statistiques - réponses
Réponse % Correct
SVT
91%
Physique Chimie
87%
HGGSP
81%
Mathématiques
81%
SES
80%
HLP
67%
LLCE
66%
AMC
47%
Aucun quiz correspondant
Distribution des résultats
% des personnes avec chaque résultat
Percentile par nombre de réponses
Votre historique - résultats
Vous n’avez pas pris ce quiz